Días de carne / (Registro nro. 14019)

Detalles MARC
000 -LEADER
fixed length control field 01002nam a2200289 a 4500
001 - CONTROL NUMBER
control field
003 - CONTROL NUMBER IDENTIFIER
control field DO-SdBNP
005 - DATE AND TIME OF LATEST TRANSACTION
control field 20220208103334.0
008 - FIXED-LENGTH DATA ELEMENTS--GENERAL INFORMATION
fixed length control field 091002s2005 dr 000 0 spa d
020 ## - INTERNATIONAL STANDARD BOOK NUMBER
International Standard Book Number 9993498432
040 ## - CATALOGING SOURCE
Original cataloging agency DO-SdBNP
Language of cataloging spa
Transcribing agency BPMSU
082 ## - DEWEY DECIMAL CLASSIFICATION NUMBER
Classification number RD861.44
Item number S669d, 2005
Edition number 22
100 1# - MAIN ENTRY--PERSONAL NAME
Personal name Sánchez Beras, César
Dates associated with a name 1962-
245 10 - TITLE STATEMENT
Title Días de carne /
Statement of responsibility, etc. César Sánchez Beras ; edición Amado Alexis Santana Chalas
250 ## - EDITION STATEMENT
Edition statement 2a.ed.
260 ## - PUBLICATION, DISTRIBUTION, ETC. (IMPRINT)
Place of publication, distribution, etc. Santo Domingo :
Name of publisher, distributor, etc. Secretaría de Estado de Cultura,
Date of publication, distribution, etc. 2012.
300 ## - PHYSICAL DESCRIPTION
Extent 94 p. ;
Dimensions 24 cm.
500 ## - GENERAL NOTE
General note Incluye datos biográficos del autor en la solapa de la cubierta
586 ## - AWARDS NOTE
Awards note Premio Nacional de Poesía Salomé Ureña de Henríquez, 2004
590 ## - LOCAL NOTE (RLIN)
Local note Inventariado, 2022/VM
650 #4 - SUBJECT ADDED ENTRY--TOPICAL TERM
Topical term or geographic name as entry element Poesía dominicana
650 #4 - SUBJECT ADDED ENTRY--TOPICAL TERM
Topical term or geographic name as entry element Literatura dominicana.
700 2# - ADDED ENTRY--PERSONAL NAME
Personal name Santana Chalas, Amado Alexis
Dates associated with a name edición
710 2# - ADDED ENTRY--CORPORATE NAME
Corporate name or jurisdiction name as entry element Secretaría de Estado de Cultura (República Dominicana)
910 ## - USER-OPTION DATA (OCLC)
User-option data VMateo V.
942 ## - ADDED ENTRY ELEMENTS (KOHA)
Source of classification or shelving scheme Dewey Decimal Classification
Koha item type Libros
Existencias
Withdrawn status Lost status Source of classification or shelving scheme Damaged status Not for loan Collection code Home library Current library Date acquired Total Checkouts Full call number Barcode Date last seen Price effective from Koha item type Copy number
    Dewey Decimal Classification     Colección Dominicana Biblioteca Pública Metropolitana Salomé Ureña Biblioteca Pública Metropolitana Salomé Ureña 02/08/2022   BPMSU CD RD861.44 S669d, 2005 BPMSU22020035 02/08/2022 02/08/2022 Libros  
    Dewey Decimal Classification     Colección Dominicana Biblioteca Pública Metropolitana Salomé Ureña Biblioteca Pública Metropolitana Salomé Ureña 02/08/2022   BPMSU CD RD861.44 S669d, 2005 BPMSU26020018 02/03/2026 02/08/2022 Libros e.2